00545nam a2200157 a 450000100100000000500170001000800410002702000150006804000250008310000230010824500800013126000630021130000210027450000600029550400320035500003966020201002033650.0130715s2002 xxu 000 0 spa d a0826213634 aDO-SdBNPbspacBNPHU1 aCollins, Marsha S.10aThe soledades, Góngora´s Masque of the imagination /cMarsha S. Collins. aUnited States of America :bUniversity of Missouri,c2002. a270 p. ;c25 cm. aIncluye datos biográficos de la autora en las solapas aBibliografía : p. 249-265